000 00659nam a2200241 a 4500
001 0001-1305
003 ELIB.Books
008 150709 2010 eng
020 _a2825412104
035 _a(ELIB.Books)0001-1460
092 _a280.042
_bPot
100 _aPotter, Philip
245 _aSeeking and Serving the Truth:
_bThe First Hundred Years of the World Student Christian Federation
260 _aGeneva
_bWCC
_c1997
300 _a307
_c21.5 Cm
500 _aC/o Par Mar Bwe
650 _aEcumenical
856 _nKBTS: Library
_uKBTS: Elib
942 _2ddc
_cBK
990 _a1
998 _cbat
_e2015-07-09
999 _c11305
_d11305